[Event "Staraya Mayna Sidorov Cup"]
[Site "Staraya Mayna"]
[Date "2018.07.12"]
[Round "5"]
[White "Abdurahmanov, Afer"]
[Black "Lukianov, Alexander"]
[Result "0-1"]
[WhiteElo "1515"]
[BlackElo "1757"]
[PlyCount "72"]
[EventDate "2018.07.10"]
[EventType "swiss"]
[EventRounds "9"]
[EventCountry "RUS"]
[SourceTitle "EXT 2019"]
[Source "ChessBase"]
[SourceDate "2018.10.10"]
[SourceVersion "1"]
[SourceVersionDate "2018.10.10"]
[SourceQuality "1"]

1. d4 Nf6 2. c3 e6 3. Bg5 c5 4. e4 h6 5. Bxf6 Qxf6 6. e5 Qd8 7. d5 exd5 8. Qxd5 Be7 9. Na3 0-0 10. Bd3 d6 11. Qe4 g6 12. exd6 Bg5 13. Ne2 Bd7 14. f4 Bh4+ 15. Kd2 Bc6 16. Qe5 Nd7 17. Qe3 Re8 18. Qh3 Nf6 19. Kc2 Nd5 20. Nc4 b5 21. Ne5 c4 22. Be4 Nxf4 23. Nxc6 Nxh3 24. Nxd8 Raxd8 25. Bf3 Nf2 26. Rhf1 Nd3 27. Nd4 Rxd6 28. Bc6 Rxc6 29. Nxc6 Re2+ 30. Kd1 Rxg2 31. Nd4 Nxb2+ 32. Kc1 Bg5+ 33. Kb1 Na4 34. Nc2 Nxc3+ 35. Kb2 Na4+ 36. Ka3 Be7+ 0-1

[Event "Uljanovsk Sidorov Memorial"]
[Site "Uljanovsk"]
[Date "2015.07.08"]
[Round "2"]
[White "Triapkin, Pavel"]
[Black "Lukianov, Alexander"]
[Result "1-0"]
[WhiteElo "2299"]
[BlackElo "1833"]
[PlyCount "132"]
[EventDate "2015.07.07"]
[EventType "swiss"]
[EventRounds "9"]
[EventCountry "RUS"]
[SourceTitle "EXT 2016"]
[Source "ChessBase"]
[SourceDate "2015.10.08"]
[SourceVersion "1"]
[SourceVersionDate "2015.10.08"]
[SourceQuality "1"]

1. e4 c6 2. d4 d5 3. Nc3 dxe4 4. Nxe4 Bf5 5. Ng5 Nf6 6. N1f3 Nbd7 7. Nh4 Bg6 8. Bc4 e6 9. Nxg6 hxg6 10. Qe2 Nd5 11. Bd2 Be7 12. Nf3 Qc7 13. g3 0-0-0 14. Bb3 Bf6 15. c4 Ne7 16. 0-0-0 Nf5 17. Bf4 Qa5 18. g4 Nh4 19. Nxh4 Rxh4 20. Kb1 g5 21. Bg3 Rhh8 22. d5 Rhe8 23. dxc6 bxc6 24. Rd6 Ne5 25. c5 Rxd6 26. cxd6 Kd7 27. Rd1 Rb8 28. f4 gxf4 29. Bxf4 Ng6 30. Bg3 Qb5 31. Qe3 Rb7 32. Re1 Nf8 33. h4 a5 34. g5 Qf5+ 35. Qe4 Qxe4+ 36. Rxe4 Bd8 37. Kc2 Rb5 38. Ba4 Rb4 39. Rxb4 axb4 40. Kb3 Ba5 41. Kc4 Bb6 42. Kxb4 f6 43. gxf6 gxf6 44. Bc2 e5 45. h5 Be3 46. Bh4 Kxd6 47. Bxf6 Bh6 48. Bf5 Kd5 49. a4 Ne6 50. Bxe6+ Kxe6 51. Bxe5 Kxe5 52. Kc5 Bd2 53. Kxc6 Ke6 54. Kb6 Kd7 55. Kb7 Kd6 56. b4 Bxb4 57. h6 Ke6 58. h7 Bc3 59. a5 Kf7 60. a6 Kg7 61. a7 Kxh7 62. a8Q Bf6 63. Kc6 Kg6 64. Kd5 Kg5 65. Ke4 Kg4 66. Qg8+ Kh5 1-0

[Event "Uljanovsk Sidorov Memorial"]
[Site "Uljanovsk"]
[Date "2014.07.19"]
[Round "7"]
[White "Lukianov, Alexander"]
[Black "Beldyugin, Alexey"]
[Result "0-1"]
[WhiteElo "1843"]
[BlackElo "2093"]
[PlyCount "66"]
[EventDate "2014.07.16"]
[EventType "swiss"]
[EventRounds "9"]
[EventCountry "RUS"]
[SourceTitle "CBM 161 Extra"]
[Source "ChessBase"]
[SourceDate "2014.08.29"]
[SourceVersion "1"]
[SourceVersionDate "2014.08.29"]
[SourceQuality "1"]

1. e4 d6 2. d4 e5 3. Nf3 Nc6 4. d5 Nce7 5. Nc3 f5 6. Bb5+ c6 7. dxc6 bxc6 8. Ba4 Nf6 9. exf5 Bxf5 10. 0-0 Qc7 11. Bg5 0-0-0 12. Qe2 h6 13. Be3 Kb8 14. Rfd1 Ned5 15. Nxd5 Nxd5 16. c4 Nxe3 17. Qxe3 Be7 18. c5 Bc8 19. cxd6 Bxd6 20. Rd3 Bb7 21. Rc1 c5 22. Rdc3 e4 23. Nd2 Bxh2+ 24. Kh1 Bf4 25. Qh3 Bxd2 26. Rxc5 Qd6 27. R1c4 Bf4 28. Qb3 Rc8 29. Bc6 Rxc6 30. Rxc6 Qd3 31. Qxd3 exd3 32. R6c5 d2 33. Rd4 Re8 0-1

[Event "Uljanovsk Sidorov Memorial"]
[Site "Uljanovsk"]
[Date "2014.07.18"]
[Round "5"]
[White "Lukianov, Alexander"]
[Black "Seyfutdinov, Rustam"]
[Result "0-1"]
[WhiteElo "1843"]
[BlackElo "1898"]
[PlyCount "62"]
[EventDate "2014.07.16"]
[EventType "swiss"]
[EventRounds "9"]
[EventCountry "RUS"]
[SourceTitle "CBM 161 Extra"]
[Source "ChessBase"]
[SourceDate "2014.08.29"]
[SourceVersion "1"]
[SourceVersionDate "2014.08.29"]
[SourceQuality "1"]

1. e4 e6 2. d4 d5 3. Nd2 Nf6 4. e5 Nfd7 5. Bd3 c5 6. c3 Nc6 7. Ne2 Qb6 8. Nf3 Be7 9. h4 cxd4 10. cxd4 f6 11. Nf4 fxe5 12. Nxe5 Nf6 13. Nxc6 bxc6 14. a3 c5 15. Qe2 cxd4 16. Bb5+ Kf7 17. g4 e5 18. Nd3 Bd6 19. Nb4 Bxg4 20. f3 Bxf3 21. Qxf3 Qxb5 22. Bg5 e4 23. Qb3 a5 24. Bxf6 gxf6 25. Qxd5+ Qxd5 26. Nxd5 Ke6 27. Nb6 Rab8 28. Nc4 Rhc8 29. Rc1 Bf4 30. Rc2 d3 31. Rf2 Rxc4 0-1

[Event "Uljanovsk Sidorov Memorial"]
[Site "Uljanovsk"]
[Date "2014.07.16"]
[Round "2"]
[White "Lukianov, Alexander"]
[Black "Breskanu, Nikita"]
[Result "1-0"]
[WhiteElo "1843"]
[BlackElo "1623"]
[PlyCount "94"]
[EventDate "2014.07.16"]
[EventType "swiss"]
[EventRounds "9"]
[EventCountry "RUS"]
[SourceTitle "CBM 161 Extra"]
[Source "ChessBase"]
[SourceDate "2014.08.29"]
[SourceVersion "1"]
[SourceVersionDate "2014.08.29"]
[SourceQuality "1"]

1. e4 c6 2. d4 d5 3. Nc3 dxe4 4. Nxe4 Bf5 5. Ng3 Bg6 6. Bc4 e6 7. N1e2 h6 8. Nf4 Bh7 9. 0-0 Nf6 10. Re1 Be7 11. Qe2 0-0 12. Nxe6 fxe6 13. Qxe6+ Kh8 14. Qxe7 Nbd7 15. Qxd8 Raxd8 16. c3 c5 17. Be3 Ng4 18. dxc5 Nxe3 19. Rxe3 Nxc5 20. Rae1 Bg6 21. f3 Bd3 22. Bb3 Bg6 23. Rd1 h5 24. Bd5 h4 25. Ne4 Rfe8 26. Rd4 Nxe4 27. Bxe4 Rxd4 28. cxd4 Bf7 29. b3 b6 30. Kf2 Rc8 31. d5 g5 32. Re2 Kg7 33. Ke3 Kf6 34. Kd4 Rc7 35. Rc2 Rd7 36. Rc6+ Kg7 37. d6 Kf6 38. g4 hxg3 39. hxg3 Be6 40. Bd5 Bf5 41. g4 Bg6 42. a4 Rd8 43. Bc4 Rd7 44. b4 Rd8 45. d7+ Kg7 46. Rc7 Be8 47. Bb5 Kf6 1-0

[Event "Uljanovsk Sidorov Memorial"]
[Site "Uljanovsk"]
[Date "2013.07.14"]
[Round "9"]
[White "Mironov, Vitalij"]
[Black "Lukianov, Alexander"]
[Result "0-1"]
[WhiteElo "1930"]
[BlackElo "1875"]
[PlyCount "152"]
[EventDate "2013.07.11"]
[EventType "swiss"]
[EventRounds "9"]
[EventCountry "RUS"]
[SourceTitle "EXT 2014"]
[Source "ChessBase"]
[SourceDate "2013.11.20"]
[SourceVersion "1"]
[SourceVersionDate "2013.11.20"]
[SourceQuality "1"]

1. d4 Nf6 2. c4 e6 3. Nf3 b6 4. g3 Bb7 5. Bg2 Be7 6. Nc3 Ne4 7. Nxe4 Bxe4 8. d5 0-0 9. 0-0 d6 10. dxe6 fxe6 11. Qd4 Bb7 12. Qd3 Nc6 13. Bh3 e5 14. Bf5 g6 15. Be6+ Kh8 16. Bh6 Rf6 17. Ng5 Bf8 18. Bxf8 Qxf8 19. Bd5 Nb4 20. Qb3 Nxd5 21. cxd5 c6 22. Ne4 Rf5 23. Nc3 cxd5 24. Nxd5 Rc8 25. Ne3 Rh5 26. f3 Rc5 27. Rac1 Qc8 28. Rxc5 Qxc5 29. Qc3 Qxc3 30. bxc3 e4 31. fxe4 Bxe4 32. Rf7 Ra5 33. Ng4 Kg8 34. Rc7 d5 35. Nf6+ Kf8 36. Nxh7+ Ke8 37. Nf6+ Kd8 38. Rd7+ Kc8 39. Re7 Rxa2 40. Nxe4 dxe4 41. Rxe4 Rc2 42. Rc4+ Kd7 43. Kf2 a5 44. h4 Kd6 45. Ke3 Rc1 46. Kd2 Rb1 47. Kc2 Re1 48. Kd2 Rf1 49. Rf4 Rg1 50. Rg4 Kc5 51. Rxg6 a4 52. h5 a3 53. Rg5+ Kc6 54. Rg6+ Kb7 55. Rg7+ Ka6 56. Rg4 Kb5 57. Rg5+ Ka4 58. Rg4+ Kb5 59. Rg5+ Kc6 60. Rg6+ Kd5 61. Rg5+ Ke6 62. h6 a2 63. h7 a1Q 64. Re5+ Kd6 65. h8Q Qc1+ 66. Kd3 Rxg3+ 67. e3 Qf1+ 68. Kd4 Rg4+ 69. e4 Qd1+ 70. Kc4 Qa4+ 71. Kd3 Rg3+ 72. Ke2 Qc2+ 73. Kf1 Qd1+ 74. Kf2 Qf3+ 75. Ke1 Rg1+ 76. Kd2 Rg2+ 0-1

[Event "Uljanovsk Sidorov Memorial"]
[Site "Uljanovsk"]
[Date "2013.07.13"]
[Round "8"]
[White "Lukianov, Alexander"]
[Black "Agapchev, Andrey"]
[Result "1-0"]
[WhiteElo "1875"]
[BlackElo "1675"]
[PlyCount "49"]
[EventDate "2013.07.11"]
[EventType "swiss"]
[EventRounds "9"]
[EventCountry "RUS"]
[SourceTitle "EXT 2014"]
[Source "ChessBase"]
[SourceDate "2013.11.20"]
[SourceVersion "1"]
[SourceVersionDate "2013.11.20"]
[SourceQuality "1"]

1. e4 e6 2. d4 d5 3. Nd2 dxe4 4. Nxe4 Nd7 5. Nf3 Ngf6 6. Bd3 Be7 7. Qe2 c5 8. 0-0 0-0 9. Re1 cxd4 10. Nxd4 Nxe4 11. Qxe4 Nf6 12. Qh4 g6 13. Bg5 Nd5 14. Nf3 f6 15. Bh6 Rf7 16. Rad1 Qa5 17. Nd4 e5 18. Nb3 Qb4 19. Qxb4 Nxb4 20. Bc4 g5 21. h4 b5 22. Bxf7+ Kxf7 23. hxg5 fxg5 24. Rxe5 Nxa2 25. Bxg5 1-0

[Event "Uljanovsk Sidorov Memorial"]
[Site "Uljanovsk"]
[Date "2013.07.11"]
[Round "2"]
[White "Lukianov, Alexander"]
[Black "Samborskiy, Vadim"]
[Result "0-1"]
[WhiteElo "1875"]
[BlackElo "2052"]
[PlyCount "108"]
[EventDate "2013.07.11"]
[EventType "swiss"]
[EventRounds "9"]
[EventCountry "RUS"]
[SourceTitle "EXT 2014"]
[Source "ChessBase"]
[SourceDate "2013.11.20"]
[SourceVersion "1"]
[SourceVersionDate "2013.11.20"]
[SourceQuality "1"]

1. e4 e5 2. Nf3 Nf6 3. d4 Nxe4 4. dxe5 d5 5. Bd3 Bb4+ 6. c3 Be7 7. Bxe4 dxe4 8. Qa4+ Nc6 9. Qxe4 Be6 10. Bf4 Bd5 11. Qe2 g5 12. Bg3 g4 13. Nfd2 Bxg2 14. Rg1 Bh3 15. Ne4 Qd5 16. Nbd2 0-0-0 17. Qc4 Nxe5 18. Qxd5 Rxd5 19. 0-0-0 f5 20. Bxe5 Rxe5 21. Ng3 Bg5 22. Kc2 Rhe8 23. Nc4 Rc5 24. Rd4 b6 25. Nd2 h6 26. b4 Rce5 27. a4 Re1 28. Rxe1 Rxe1 29. Nc4 f4 30. Ne4 Bh4 31. a5 b5 32. Ncd2 Re2 33. Kd1 f3 34. Nc5 Bxf2 35. Rf4 Bxc5 36. bxc5 Kb7 37. Rf6 c6 38. Nb3 Rb2 39. a6+ Kb8 40. Nd2 Ra2 41. Rf7 Ra1+ 42. Kc2 Rxa6 43. Ne4 Ra2+ 44. Kb3 Re2 45. Nd6 f2 46. Rb7+ Ka8 47. Rh7 Re8 48. Nxe8 f1Q 49. Nc7+ Kb8 50. Na6+ Kc8 51. Rh8+ Kd7 52. Nb8+ Ke6 53. Rxh6+ Kf7 54. Rxc6 a5 0-1

[Event "Dimitrovgrad Summer op"]
[Site "Dimitrovgrad"]
[Date "2013.07.07"]
[Round "9"]
[White "Lukianov, Alexander"]
[Black "Akimov, Gennadiy"]
[Result "0-1"]
[WhiteElo "1875"]
[BlackElo "1920"]
[PlyCount "58"]
[EventDate "2013.06.22"]
[EventType "swiss"]
[EventRounds "9"]
[EventCountry "RUS"]
[SourceTitle "EXT 2014"]
[Source "ChessBase"]
[SourceDate "2013.11.20"]
[SourceVersion "1"]
[SourceVersionDate "2013.11.20"]
[SourceQuality "1"]

1. e4 e5 2. Nf3 Nf6 3. d4 exd4 4. Bc4 Nxe4 5. Qxd4 Nf6 6. Bg5 Be7 7. Nc3 Nc6 8. Qh4 0-0 9. 0-0-0 d6 10. Rhe1 Bf5 11. Bd3 Bg6 12. Bxg6 fxg6 13. Rd3 h6 14. Bxh6 gxh6 15. Qxh6 Nh7 16. Qxg6+ Kh8 17. Nd5 Bf6 18. Nf4 Bxb2+ 19. Kxb2 Rxf4 20. Rde3 Qf6+ 21. Qxf6+ Rxf6 22. g4 Rg8 23. h3 Ng5 24. Nxg5 Rxg5 25. f3 Rg8 26. h4 Ne5 27. Rb3 b6 28. Rc3 c5 29. Ree3 Rgf8 0-1

[Event "Dimitrovgrad Summer op"]
[Site "Dimitrovgrad"]
[Date "2013.07.07"]
[Round "8"]
[White "Rusakov, Vladimir"]
[Black "Lukianov, Alexander"]
[Result "1-0"]
[WhiteElo "2039"]
[BlackElo "1875"]
[PlyCount "79"]
[EventDate "2013.06.22"]
[EventType "swiss"]
[EventRounds "9"]
[EventCountry "RUS"]
[SourceTitle "EXT 2014"]
[Source "ChessBase"]
[SourceDate "2013.11.20"]
[SourceVersion "1"]
[SourceVersionDate "2013.11.20"]
[SourceQuality "1"]

1. e4 c6 2. c4 d5 3. cxd5 cxd5 4. exd5 a6 5. Nc3 Nf6 6. Qa4+ Nbd7 7. d4 g6 8. g3 Bg7 9. Bg2 0-0 10. Nge2 Nb6 11. Qb3 Bf5 12. Nf4 Rc8 13. 0-0 g5 14. Nfe2 h6 15. Rd1 Qc7 16. f4 g4 17. Be3 Nc4 18. Bf2 b5 19. a4 Qb6 20. axb5 axb5 21. Ra2 b4 22. Na4 Qb5 23. Nc5 Nd6 24. Qe3 Bc2 25. Re1 Rfe8 26. b3 Bg6 27. Rea1 Nb7 28. Ra7 Rb8 29. f5 Bxf5 30. Nf4 Nd7 31. Bf1 Qb6 32. R1a6 Bxd4 33. Nxd7 Qxa7 34. Nf6+ Kf8 35. Ne6+ fxe6 36. Qxh6+ Kf7 37. dxe6+ Bxe6 38. Rxa7 Bxa7 39. Bxa7 Ra8 40. Nxe8 1-0

[Event "Dimitrovgrad Summer op"]
[Site "Dimitrovgrad"]
[Date "2013.06.30"]
[Round "6"]
[White "Lazutin, Valerij"]
[Black "Lukianov, Alexander"]
[Result "0-1"]
[WhiteElo "1975"]
[BlackElo "1875"]
[PlyCount "68"]
[EventDate "2013.06.22"]
[EventType "swiss"]
[EventRounds "9"]
[EventCountry "RUS"]
[SourceTitle "EXT 2014"]
[Source "ChessBase"]
[SourceDate "2013.11.20"]
[SourceVersion "1"]
[SourceVersionDate "2013.11.20"]
[SourceQuality "1"]

1. c4 Nf6 2. Nc3 e6 3. g3 Bb4 4. Bg2 c5 5. Nf3 Nc6 6. 0-0 0-0 7. a3 Bxc3 8. dxc3 Qe7 9. Bg5 Rd8 10. e4 d6 11. Re1 e5 12. b4 h6 13. Bc1 Bg4 14. Qd3 Qe6 15. Nh4 Nd7 16. f4 exf4 17. gxf4 Rab8 18. Bd2 Ne7 19. h3 Bh5 20. Nf5 Nxf5 21. exf5 Qf6 22. Re3 Re8 23. Rae1 Rxe3 24. Rxe3 Nb6 25. Kh2 a6 26. bxc5 dxc5 27. Re5 Rd8 28. Bd5 Nd7 29. Re3 Qh4 30. Rg3 Nf6 31. Qc2 Re8 32. Rg2 Ng4+ 33. Rxg4 Bxg4 34. Qd3 Qf2+ 0-1

[Event "Uljanovsk-ch U26 op"]
[Site "Uljanovsk"]
[Date "2013.04.07"]
[Round "9"]
[White "Lukianov, Alexander"]
[Black "Logunova, Elizaveta"]
[Result "1-0"]
[WhiteElo "1837"]
[BlackElo "1599"]
[PlyCount "53"]
[EventDate "2013.03.23"]
[EventType "swiss"]
[EventRounds "9"]
[EventCountry "RUS"]
[SourceTitle "EXT 2014"]
[Source "ChessBase"]
[SourceDate "2013.11.20"]
[SourceVersion "1"]
[SourceVersionDate "2013.11.20"]
[SourceQuality "1"]

1. e4 c6 2. d4 d5 3. Nc3 dxe4 4. Nxe4 Bf5 5. Ng3 Bg6 6. Bc4 Nf6 7. N1e2 e6 8. Nf4 Bd6 9. 0-0 Nbd7 10. Re1 0-0 11. c3 Nb6 12. Nxg6 hxg6 13. Bb3 Nbd5 14. Qf3 Qc7 15. c4 Bxg3 16. cxd5 Bxh2+ 17. Kh1 cxd5 18. g3 Bxg3 19. Qxg3 Qb6 20. Qh4 Ne4 21. Be3 f6 22. Rac1 Kf7 23. Kg2 Rh8 24. Qf4 Nd6 25. Rc5 Rac8 26. Rec1 Rxc5 27. dxc5 1-0

[Event "Uljanovsk-ch U26 op"]
[Site "Uljanovsk"]
[Date "2013.03.24"]
[Round "2"]
[White "Samborskiy, Vadim"]
[Black "Lukianov, Alexander"]
[Result "1-0"]
[WhiteElo "2080"]
[BlackElo "1837"]
[PlyCount "77"]
[EventDate "2013.03.23"]
[EventType "swiss"]
[EventRounds "9"]
[EventCountry "RUS"]
[SourceTitle "EXT 2014"]
[Source "ChessBase"]
[SourceDate "2013.11.20"]
[SourceVersion "1"]
[SourceVersionDate "2013.11.20"]
[SourceQuality "1"]

1. e4 c6 2. d4 d5 3. e5 c5 4. c3 Nc6 5. a3 Bf5 6. Nf3 e6 7. b4 cxd4 8. cxd4 Rc8 9. Nbd2 Qb6 10. Nb3 Nxb4 11. axb4 Bc2 12. Qe2 Bxb3 13. Qb5+ Qxb5 14. Bxb5+ Kd8 15. Bd2 a6 16. Bd3 Ne7 17. Ng5 Ke8 18. b5 axb5 19. Bxb5+ Nc6 20. Ra7 Bc4 21. Bxc6+ Rxc6 22. Rxb7 f6 23. exf6 gxf6 24. Nxh7 Ra6 25. Nxf6+ Kd8 26. Rb1 Bg7 27. Bg5 Kc7 28. Bf4+ Kc6 29. Be5 Ra2 30. Ng4 Rg8 31. Bxg7 Rxg7 32. Ne5+ Kd6 33. Nxc4+ dxc4 34. 0-0 Rg4 35. Rfd1 Re4 36. Rb6+ Kc7 37. Rb4 Rc2 38. Kf1 Ree2 39. Rxc4+ 1-0

[Event "Ulstudents-ch op"]
[Site "Russia"]
[Date "2012.03.25"]
[Round "3"]
[White "Beldyugin, Alexey"]
[Black "Lukianov, Alexander"]
[Result "1-0"]
[WhiteElo "2047"]
[BlackElo "1887"]
[PlyCount "67"]
[EventDate "2012.03.24"]
[EventType "swiss"]
[EventRounds "9"]
[EventCountry "RUS"]
[SourceTitle "EXT 2014"]
[Source "ChessBase"]
[SourceDate "2013.11.20"]
[SourceVersion "1"]
[SourceVersionDate "2013.11.20"]
[SourceQuality "1"]

1. d4 Nf6 2. c4 e6 3. Nc3 Bb4 4. Qb3 c5 5. Nf3 Nc6 6. e3 0-0 7. Bd2 b6 8. a3 Bxc3 9. Bxc3 d6 10. Rd1 Qe7 11. Be2 Ba6 12. Qa4 Bb7 13. 0-0 Ne4 14. Qc2 f5 15. dxc5 Nxc3 16. Qxc3 bxc5 17. b4 e5 18. bxc5 dxc5 19. Rd5 e4 20. Ne5 Qf6 21. Qa1 Na5 22. Rd7 Rad8 23. Rfd1 Ba6 24. f4 exf3 25. Bxf3 Nxc4 26. Bd5+ Kh8 27. Nf7+ Rxf7 28. Qxf6 Rdxd7 29. Qxa6 Nb6 30. Bf3 c4 31. Rxd7 Rxd7 32. Qb5 g5 33. a4 c3 34. Qe5+ 1-0

[Event "Uljanovsk Privolje op"]
[Site "Uljanovsk"]
[Date "2011.02.04"]
[Round "6"]
[White "Bakunin, Damir"]
[Black "Lukianov, Alexander"]
[Result "1-0"]
[WhiteElo "2005"]
[BlackElo "1894"]
[PlyCount "47"]
[EventDate "2011.02.01"]
[EventType "swiss"]
[EventRounds "9"]
[EventCountry "RUS"]
[SourceTitle "CBM 140 Extra"]
[Source "ChessBase"]
[SourceDate "2011.03.01"]
[SourceVersion "1"]
[SourceVersionDate "2011.03.01"]
[SourceQuality "1"]

1. c4 Nf6 2. Nc3 e6 3. g3 c5 4. Bg2 Be7 5. e3 Nc6 6. Nge2 0-0 7. 0-0 b6 8. d4 cxd4 9. exd4 d5 10. Bg5 Ne4 11. Bxe7 Nxc3 12. Bxd8 Nxd1 13. cxd5 exd5 14. Bxd5 Ba6 15. Bxc6 Bxe2 16. Be7 Bxf1 17. Bxa8 Rxa8 18. Kxf1 Nxb2 19. d5 f6 20. Rc1 b5 21. d6 Kf7 22. d7 Kxe7 23. Rc8 Kxd7 24. Rxa8 1-0